Normal view MARC view
  • Shapiro, Howard N

Entry Corporate Name

Number of records used in: 1

001 - CONTROL NUMBER

  • control field: 114240

003 - CONTROL NUMBER IDENTIFIER

  • control field: NUST

005 - DATE AND TIME OF LATEST TRANSACTION

  • control field: 20230822141957.0

008 - FIXED-LENGTH DATA ELEMENTS

  • fixed length control field: 230822|| aca||aabn | a|a d

040 ## - CATALOGING SOURCE

  • Original cataloging agency: NUST
  • Transcribing agency: NUST

110 ## - HEADING--CORPORATE NAME

  • Corporate name or jurisdiction name as entry element: Shapiro, Howard N

670 ## - SOURCE DATA FOUND

  • Source citation: Work cat.: (NUST): Moran, Michael J, Fundamentals of Engineering Thermodynamics, 2004.
© 2023 Central Library, National University of Sciences and Technology. All Rights Reserved.